Focus sur: Harry Potter - Statistiques

Statistiques générales
  • Ce quiz a été pris 3 315 fois
  • Le résultat moyen est 17 sur 19
Statistiques - réponses
Informations recherchées Réponses % Correct
Ecole fréquentée Poudlard
99%
Espèce de l'animal de compagnie Chouette
98%
Épouse Ginny Weasley
98%
Mère Lily Potter
98%
Fils James Potter
97%
Père James Potter
97%
Fille Lily Potter
97%
Poste occupé au Quidditch Attrapeur
96%
Maison fréquentée Gryffondor
95%
Nom de l'animal de compagnie Hedwige
95%
Fils Albus Potter
94%
Patronus Cerf
94%
Couleur des cheveux Noir
91%
Première apparition Harry Potter à l'école des sorciers
90%
Statut du sang Sang-Mêlé
89%
Acteur l'interprétant dans les films Daniel Radcliffe
81%
Intérieur de la baguette Plume de phénix
80%
Profession (adulte) Directeur du bureau des Aurors
76%
Bois de la baguette Houx
42%
Aucun quiz correspondant
Distribution des résultats
% des personnes avec chaque résultat
Percentile par nombre de réponses
Votre historique - résultats
Vous n’avez pas pris ce quiz